| 000 | 01945nkm a2200421 i 4500 | ||
|---|---|---|---|
| 001 | 3555 | ||
| 003 | ES-MaACL | ||
| 005 | 20250825034839.0 | ||
| 007 | khrbo | ||
| 008 | 051117s1985 sp --- g |001||spa d | ||
| 100 | 0 |
_aAlfonso, _d1902-1990 _919858 |
|
| 245 | 1 | 0 |
_aLibertad de expresión, balance, y alternativas democráticas a la información [ _hFotografía] / _cAlfonso (sello). |
| 260 |
_a[S.l. : _bs.n.], _c1985. |
||
| 300 |
_a9 fot. : _bb. y n. ; _c12 x 18 cm. |
||
| 490 | 1 | _aPeriodistas por la paz | |
| 500 | _aDatos basados en invitación. | ||
| 511 | 0 | _aIntervienen: Enrique Bustamante, Fernando Valiño, Gonzalo Abril, Andrés Aberastury, Sabas Martín, Landely Hermann. | |
| 518 | _aActo convocado por la Comisión pro Libertad de Expresión, Unión dePeriodistas, Unión General de Trabajadores y Comisiones Obreras, con la colaboración del Ayuntamiento de Madrid, la Comunidad Autónoma, el Ayuntamiento de Arganda y el Ateneo de Madrid, celebrado el viernes 13 de diciembre de 1985, a las 19:30 h. | ||
| 600 | 1 | 4 |
_aBustamante Ramírez, Enrique. _932878 |
| 600 | 1 | 4 |
_aValiño, Fernando. _9112707 |
| 600 | 1 | 4 |
_aAbril, Gonzalo, _d1951- _918163 |
| 600 | 1 | 4 |
_aAberasturi, Andrés, _d1948- _918090 |
| 600 | 1 | 4 |
_aMartín, Sabas. _977373 |
| 600 | 1 | 4 |
_aHermann, Landely. _962742 |
| 610 | 2 | 4 |
_aAteneo de Madrid- _xActos culturales- _y1985- _vFotografías. _91900 |
| 710 | 2 |
_aComisión pro Libertad de Expresión. _93057 |
|
| 710 | 2 |
_aUnión de Periodistas _97011 |
|
| 710 | 2 |
_aUGT. _97030 |
|
| 710 | 2 |
_aComisiones Obreras. _93064 |
|
| 710 | 2 |
_aAteneo de Madrid. _91875 |
|
| 710 | 1 |
_aArganda. _bAyuntamiento. _91472 |
|
| 710 | 1 |
_aMadrid (Comunidad Autónoma) _95587 |
|
| 710 | 1 |
_aMadrid. _bAyuntamiento _9234069 |
|
| 830 | 0 |
_aPeriodistas por la paz _9176835 |
|
| 852 |
_aES-MaACL _jFOT 119/1985 |
||
| 856 | 4 |
_uhttp://www.ateneodemadrid.net/biblioteca_digital/imagenes/1985/0119-1985.jpg _zVer imagen |
|
| 999 |
_c3555 _d3555 |
||